Rappeurs Français #2 - Statistiques

Statistiques générales
  • Ce quiz a été pris 708 fois
  • Le résultat moyen est 12 sur 16
Statistiques - réponses
Par images Réponse % Correct
Jul
99%
Booba
98%
Kaaris
98%
Ninho
98%
Niska
97%
Naps
96%
Zola
93%
La Fouine
85%
RK
82%
Soso Maness
82%
Gradur
73%
Sadek
68%
13'Organisé
51%
Kofs
49%
Lefa
38%
RnBoi
18%
Aucun quiz correspondant
Distribution des résultats
% des personnes avec chaque résultat
Percentile par nombre de réponses
Votre historique - résultats
Vous n’avez pas pris ce quiz